Statistics for US Most Common Languages

Click here to take the quiz!

General Stats

  • This quiz has been taken 189 times
    (183 since last reset)
  • The average score is 9 of 11

Answer Stats

Population of SpeakersLanguage% Correct
298,444,149English
100%
37,579,787Spanish
100%
1,301,443French
96%
2,882,497Chinese
94%
1,083,637German
94%
723,632Italian
88%
673,566Portuguese
88%
905,843Russian
86%
1,141,277Korean
76%
1,419,539Vietnamese
67%
1,594,413Tagalog
56%

Score Distribution

Percentile by Number Answered

Percent of People with Each Score

Your Score History

You have not taken this quiz since the last reset